| 000 -LEADER |
| fixed length control field |
01260nam a2200217Ia 4500 |
| 003 - CONTROL NUMBER IDENTIFIER |
| control field |
OSt |
| 005 - DATE AND TIME OF LATEST TRANSACTION |
| control field |
20241011151425.0 |
| 007 - PHYSICAL DESCRIPTION FIXED FIELD--GENERAL INFORMATION |
| fixed length control field |
ca aa aaaaa |
| 008 - FIXED-LENGTH DATA ELEMENTS--GENERAL INFORMATION |
| fixed length control field |
201103s9999 xx 000 0 und d |
| 040 ## - CATALOGING SOURCE |
| Transcribing agency |
SSBUL |
| 041 ## - LANGUAGE CODE |
| Language code of text/sound track or separate title |
bur |
| 082 ## - DEWEY DECIMAL CLASSIFICATION NUMBER |
| Edition number |
23 |
| Classification number |
၂၉၄.၃၄၃၅၀၉ မောင် |
| Item number |
၁၃၁၈၇ S-SAT |
| 100 0# - MAIN ENTRY--PERSONAL NAME |
| Personal name |
မောင်ရှင်း၊ ဦး၊ ဆရာ |
| 245 10 - TITLE STATEMENT |
| Title |
ဇလွန်မြို့မရ်အောင်မြင်ပြည်တော်ပြန် မြတ်စွာဘုရားကြီး (သမိုင်းအကျဉ်းချုပ်) / |
| Statement of responsibility, etc. |
ဆရာဦး မောင်ရှင်း၊ ရှာဖွေစုဆောင်းသူ ဦးလှထွန်းကျော်။ |
| 260 ## - PUBLICATION, DISTRIBUTION, ETC. |
| Place of publication, distribution, etc. |
ရန်ကုန် ၊ |
| Name of publisher, distributor, etc. |
ရွှေပုရပိုက်စာပေ၊ |
| Date of publication, distribution, etc. |
၁၉၉၃။ |
| 300 ## - PHYSICAL DESCRIPTION |
| Extent |
၅၃ စာမျက်နှာ ၊ |
| Other physical details |
ဓါတ်ပုံ ၊ |
| Dimensions |
၁၇ စင်တီ။ |
| 500 ## - GENERAL NOTE |
| General note |
S-SAT: Dr. Sai Aung Tun |
| 650 ## - SUBJECT ADDED ENTRY--TOPICAL TERM |
| Topical term or geographic name entry element |
မာန်အောင်မြင်ပြည်တော်ပြန် ဘုရား |
| Form subdivision |
သမိုင်း |
| 9 (RLIN) |
55051 |
|
| Topical term or geographic name entry element |
စေတီပုထိုး |
| Geographic subdivision |
ဇလွန်မြို့ |
| 9 (RLIN) |
55052 |
| 942 ## - ADDED ENTRY ELEMENTS (KOHA) |
| Source of classification or shelving scheme |
|
| Koha item type |
Book (Short term) |